| 000 | 00589nam a22002177a 4500 | ||
|---|---|---|---|
| 003 | OSt | ||
| 005 | 20140310181922.0 | ||
| 008 | 130718t xxu||||| |||| 00| 0 eng d | ||
| 020 | _a9780553213478 | ||
| 050 |
_aPR 201 _b.H633 1982 |
||
| 082 |
_aTR 821 _bH53 1982 |
||
| 100 |
_aHieatt, A. Kent _91482 |
||
| 245 |
_aBeowulf : _cA. Kent Hieatt _band other old english poem / |
||
| 260 |
_aEngland : _bPenguin Epics, _cc2001. |
||
| 300 |
_a144 p. _c17 cm. |
||
| 521 | _aFaculty | ||
| 541 | _j1 | ||
| 562 | _e1 | ||
| 650 |
_aEnglish literature _91483 |
||
| 942 |
_2lcc _cBK-TR _kTR |
||
| 999 |
_c7003 _d7003 |
||